| 000 | 01716cam a22004814i 4500 | ||
|---|---|---|---|
| 003 | PE-LiUPU | ||
| 005 | 20250731172900.0 | ||
| 008 | 150623s r 000 0 d | ||
| 020 | _a9042930101 | ||
| 020 | _a9789042930100 | ||
| 035 | _a(Sirsi) a165877 | ||
| 040 |
_aPE-LiUPU _bspa _cPE-LiUPU _erda |
||
| 049 | _aPRUA | ||
| 082 | 0 | 4 |
_a280.042 _bB4 _222 |
| 245 | 1 | 4 |
_aBelieving in community : _becumenical reflections on the church / _cedited by Peter de Mey, Pieter de Witte, Gerard Mannion. |
| 264 | 1 |
_aLeuven : _bPeeters, _c2002. |
|
| 300 |
_axiv, 608, [7] páginas ; _c25 centímetros. |
||
| 336 |
_atext _2rdacontent |
||
| 337 |
_aunmediated _2rdamedia |
||
| 338 |
_avolume _2rdacarrier |
||
| 490 | 0 |
_aBibliotheca Ephemeridum theologicarum Lovaniensium ; _vCCLXI |
|
| 505 | 0 | _aCommnunity, individualization, belonging -- Strengthening roman catholic ecclesiology -- Protestand and orthodox contributions to a reflection on the nature of the churh -- Reflections on the future of the ecumenical dialogue. | |
| 526 | _aSEG42 | ||
| 526 | _aSEG41 | ||
| 526 | _aSEG40 | ||
| 526 | _aSEG39 | ||
| 526 | _aP94 | ||
| 526 | _aP87 | ||
| 526 | _aP86 | ||
| 526 | _aP85 | ||
| 526 | _aP77 | ||
| 526 | _aP76 | ||
| 526 | _aP35 | ||
| 650 | 0 | 4 |
_aIglesia _xUnidad |
| 630 | 0 | 4 |
_aIglesia _vCongresos. |
| 700 | 1 |
_aMey, Peter de, _eeditor. |
|
| 700 | 1 |
_aWhite, Pieter de, _eauthor. |
|
| 942 |
_2ddc _cBOOK |
||
| 994 |
_aC0 _bPEPRU |
||
| 596 | _a1 | ||
| 999 |
_a280.042 B4 _wLC _c14622 _i75195 _f2021-11-11 _g5 _lCCODEBUL1 _mBUL _r0 _sY _tBOOK _u2017-1-5 _xTEOLOGIA _PP85 _o.STAFF. Colección TEOLOGIA _d14622 |
||
| 980 |
_81 _gALBERTO SANCHEZ Responsable de Automatización |
||